Обзор классификаций реалий в парадигме современных лингвистических исследований; Межкультурная коммуникация: теория и практика

Opis bibliograficzny
Parent link:Межкультурная коммуникация: теория и практика.— 2016.— [С. 254-256]
1. autor: Тузова В. Э.
Korporacja: Национальный исследовательский Томский политехнический университет (ТПУ)
Streszczenie:Заглавие с экрана
Język:rosyjski
Wydane: 2016
Hasła przedmiotowe:
Dostęp online:http://earchive.tpu.ru/handle/11683/37045
Format: Elektroniczne Rozdział
KOHA link:https://koha.lib.tpu.ru/cgi-bin/koha/opac-detail.pl?biblionumber=622229

MARC

LEADER 00000naa2a2200000 4500
001 622229
005 20231101133212.0
035 |a (RuTPU)RU\TPU\conf\20896 
035 |a RU\TPU\conf\20895 
090 |a 622229 
100 |a 20170209d2016 k y0rusy50 ca 
101 0 |a rus 
102 |a RU 
105 |a y z 101zy 
135 |a drgn ---uucaa 
181 0 |a i  
182 0 |a b 
200 1 |a Обзор классификаций реалий в парадигме современных лингвистических исследований  |f В. Э. Тузова 
203 |a Текст  |c электронный 
230 |a 1 компьютерный файл (pdf; 639 Кb) 
300 |a Заглавие с экрана 
320 |a [Библиогр.: с. 256 (6 назв.)] 
463 0 |0 (RuTPU)RU\TPU\conf\20846  |t Межкультурная коммуникация: теория и практика  |o сборник научных трудов XVI Международной научно-практической конференции "Лингвистические и культурологические традиции и инновации", Томск, 11-13 октября 2016 г.  |f Национальный исследовательский Томский политехнический университет (ТПУ) ; ред. кол. Ю. В. Кобенко [и др.]  |v [С. 254-256]  |d 2016 
610 1 |a труды учёных ТПУ 
610 1 |a электронный ресурс 
610 1 |a своеобразие 
610 1 |a лингвистика 
610 1 |a словосочетания 
610 1 |a реалии 
610 1 |a переводы 
700 1 |a Тузова  |b В. Э. 
712 0 2 |a Национальный исследовательский Томский политехнический университет (ТПУ)  |c (2009- )  |2 stltpush  |3 (RuTPU)RU\TPU\col\15902 
801 2 |a RU  |b 63413507  |c 20170210  |g RCR 
856 4 |u http://earchive.tpu.ru/handle/11683/37045 
942 |c BK